00510nam a2200157Ia 4500008004100000020001800041082001500059100001600074245010200090250000700192260003300199300003000232500001900262600002100281650005000302240925s9999 xx 000 0 und d a9780750678087 a004.62 OLE aOlexa , Ron 0aImplementing 802.11,802.16, and 802.20 Wireless Networks: planning,troubleshooting and operations aNA aAmsterdam:bElsevierc,2005. aviii,104p.bNAfPhotocopy aIncludes Index aComputer Science aComputer science, information & general works